| 000 | 00833nam a2200241 a 4500 | ||
|---|---|---|---|
| 005 | 20241114063740.0 | ||
| 008 | 040209s1997 es r 000 0 spa d | ||
| 020 | _a8436810848 | ||
| 035 | _aUPN01000131739 | ||
| 049 | _aCG | ||
| 050 | 4 |
_aRA790.5 _bB8.6 |
|
| 100 | 1 |
_aBuela-Casal, Gualberto _931907 |
|
| 245 | 1 | 0 |
_aPsicología preventiva : _bavances recientes en técnicas y programas de prevención / _cGualberto Buela-Casal, Luis Fernández-Ríos, Tomás Jesús Carrasco Giménez. |
| 260 |
_aMadrid : _bPirámide, _c1997. |
||
| 300 | _a388 p. | ||
| 440 | 0 | _aPsicología | |
| 650 | 4 |
_aSERVICIOS DE SALUD MENTAL _917199 |
|
| 650 | 4 |
_aSalud mental _922888 |
|
| 650 | 4 |
_aPsicología _xInvestigación _915714 |
|
| 700 | 1 |
_aFernández-Ríos, Luis, _ecoaut. |
|
| 700 | 1 |
_aCarrasco Giménez, Tomás Jesús, _ecoaut. |
|
| 905 | _aLibro | ||
| 999 |
_c103894 _d103894 |
||